LEADER 01729nam0 22003853i 450 001 CFI0007265 005 20251003044107.0 010 $a8838234876 100 $a19860201d1983 ||||0itac50 ba 101 | $aita 102 $ait 181 1$6z01$ai $bxxxe 182 1$6z01$an 183 1$6z01$anc$2RDAcarrier 200 1 $aˆIl ‰cardinale Gaetano Cicognani (1881-1962)$enote per una biografia$fFranco Gualdrini ... [et al.]$gpresentazione di Achille Silvestrini 210 $aRoma$cStudium$d[1983] 215 $aXVIII, 340 p.$c1 ritr.$d21 cm. 225 | $aCoscienza$v11 410 0$1001CFI0002937$12001 $aCoscienza$v11 606 $aCICOGNANI, GAETANO$xBiografia$2FIR$3RAVC011109$9I 676 $a282$9CHIESA CATTOLICA ROMANA$v18 676 $a282.092$9CHIESA CATTOLICA ROMANA. Persone$v20 686 $aVA/X41.0$cPOLITICA ESTERA VATICANO$2R 686 $aX0.1/CICOGNANI,GAETAN$cBIOGRAFIE E SCRITTI SU GAETANO CICOGNANI$2R 702 1$aGualdrini$b, Franco$3CFIV005119 702 1$aSilvestrini$b, Achille$3CFIV067946 702 1$aCicognani$b, Gaetano$f <1881-1962>$3RAVV257017 801 3$aIT$bIT-000000$c19860201 850 $aIT-BN0095 901 $bNAP 01$cPOZZO LIB.$nVi sono collocati fondi di economia, periodici di ingegneria e scienze, periodici di economia e statistica e altri fondi comprendenti documenti di economia pervenuti in dono. 912 $aCFI0007265 950 0$aBiblioteca Centralizzata di Ateneo$c1 v.$d 01POZZO LIB.ECON MON 9772$e 0101 0000106855E VMA 1 v. (precedente collocazione: GUERRAZZI A 191)$fB $h20080414$i20080414 977 $a 01 996 $aCardinale Gaetano Cicognani (1881-1962$961647 997 $aUNISANNIO